[Event "Dortmund ABC Besserkoenner 16th"]
[Site "Dortmund"]
[Date "2001.11.17"]
[Round "8"]
[White "Stroka, Waldemar"]
[Black "Haupt, Rainer"]
[Result "1/2-1/2"]
[WhiteElo "1724"]
[BlackElo "1753"]
[PlyCount "102"]
[EventDate "2001.??.??"]
[EventType "tourn"]
[EventRounds "11"]
[EventCountry "GER"]
[SourceTitle "EXT 2003"]
[Source "ChessBase"]
[SourceDate "2002.11.25"]
[SourceVersion "1"]
[SourceVersionDate "2002.11.25"]
[SourceQuality "1"]

1. e4 e5 2. Nf3 d5 3. Nxe5 Bd6 4. d4 dxe4 5. Nc4 Nf6 6. Be2 0-0 7. 0-0 c5 8. Nxd6 Qxd6 9. Be3 cxd4 10. Qxd4 Qxd4 11. Bxd4 Nc6 12. Bxf6 gxf6 13. Rd1 Be6 14. Nc3 f5 15. a3 Rad8 16. Kf1 a6 17. Rxd8 Rxd8 18. Rd1 Rxd1+ 19. Bxd1 Ne5 20. b3 Kg7 21. Na4 Bd7 22. Nb6 Bc6 23. Be2 Kf6 24. Nc4 f4 25. Nxe5 Kxe5 26. c3 f5 27. a4 Bd5 28. b4 e3 29. Bd3 Bb3 30. a5 Ba4 31. Ke2 Bc6 32. fxe3 Bxg2 33. exf4+ Kxf4 34. Kf2 Be4 35. Be2 h6 36. c4 Ke5 37. b5 Kd4 38. bxa6 bxa6 39. c5 Kxc5 40. Bxa6 Kb4 41. Ke3 Kxa5 42. Bc8 Kb6 43. Kf4 Kc5 44. Ke5 Kc6 45. Bxf5 Bxf5 46. Kxf5 Kd6 47. Kf6 Kd7 48. h4 Ke8 49. Kg7 Ke7 50. h5 Ke6 51. Kh7 Kf7 1/2-1/2

[Event "Dortmund ABC Besserkoenner 16th"]
[Site "Dortmund"]
[Date "2001.10.27"]
[Round "4"]
[White "Benke, Werner"]
[Black "Stroka, Waldemar"]
[Result "1/2-1/2"]
[WhiteElo "1644"]
[BlackElo "1724"]
[PlyCount "124"]
[EventDate "2001.??.??"]
[EventType "tourn"]
[EventRounds "11"]
[EventCountry "GER"]
[SourceTitle "EXT 2003"]
[Source "ChessBase"]
[SourceDate "2002.11.25"]
[SourceVersion "1"]
[SourceVersionDate "2002.11.25"]
[SourceQuality "1"]

1. e4 c5 2. Nf3 d6 3. d4 cxd4 4. Nxd4 Nf6 5. Nc3 a6 6. Be2 e6 7. Be3 Nbd7 8. 0-0 b5 9. a3 Bb7 10. f3 d5 11. exd5 Nxd5 12. Nxd5 Bxd5 13. Kh1 Bc5 14. c3 0-0 15. Bg1 Rc8 16. Rc1 Qe7 17. Bd3 Rfd8 18. Re1 Qh4 19. Be4 Nf6 20. Bxd5 Rxd5 21. Qe2 Bd6 22. Qf2 Qh6 23. h3 Nh5 24. Bh2 Bc5 25. Rcd1 Qg6 26. Re4 Nf6 27. Re2 Nd7 28. Rde1 Nb8 29. Qh4 Bxd4 30. cxd4 Nc6 31. Bg1 Rcd8 32. Re4 Qf5 33. Rc1 Na5 34. Rc7 Nc4 35. Rf4 Qg6 36. Rfxf7 Qxf7 37. Rxf7 Kxf7 38. Qxh7 Nxb2 39. Qe4 Nc4 40. Qf4+ Kg8 41. Qg4 Kf7 42. Qf4+ Kg8 43. h4 Nxa3 44. Qe3 Nc2 45. Qxe6+ Kh8 46. Qxa6 b4 47. Qc4 Nxd4 48. Qxb4 Ne2 49. Bf2 Rd1+ 50. Kh2 Nd4 51. Qc5 Ne6 52. Qf5 Nf8 53. Be3 Nh7 54. Bf4 R1d5 55. Be5 Nf6 56. f4 Re8 57. h5 Rexe5 58. fxe5 Rxe5 59. Qc8+ Kh7 60. Qc2+ Kh8 61. Qc8+ Kh7 62. Qc2+ Kh8 1/2-1/2

[Event "Dortmund ABC Besserkoenner 16th"]
[Site "Dortmund"]
[Date "2001.10.24"]
[Round "3"]
[White "Stroka, Waldemar"]
[Black "Noori, Mir Ahmad"]
[Result "0-1"]
[WhiteElo "1724"]
[BlackElo "1626"]
[PlyCount "52"]
[EventDate "2001.??.??"]
[EventType "tourn"]
[EventRounds "11"]
[EventCountry "GER"]
[SourceTitle "EXT 2003"]
[Source "ChessBase"]
[SourceDate "2002.11.25"]
[SourceVersion "1"]
[SourceVersionDate "2002.11.25"]
[SourceQuality "1"]

1. e4 d6 2. d4 e6 3. Nf3 Ne7 4. Nc3 g6 5. Be3 Bg7 6. Qd2 h6 7. 0-0-0 c6 8. Bc4 d5 9. Bb3 a5 10. exd5 Nxd5 11. Nxd5 cxd5 12. a3 b5 13. Kb1 Kf8 14. Ne5 Nd7 15. Nxd7+ Bxd7 16. Rhe1 Qb6 17. c3 Kg8 18. Bc2 Bf8 19. Bb3 b4 20. a4 bxc3 21. Qc2 Rc8 22. bxc3 Bxa4 23. Ka2 Bd7 24. Rb1 Qc7 25. Rec1 a4 26. Bxa4 Ra8 0-1